Famines in bengal: (Record no. 193385)
[ view plain ]
| 000 -LEADER | |
|---|---|
| fixed length control field | 00612nam a22001937a 4500 |
| 005 - DATE AND TIME OF LATEST TRANSACTION | |
| control field | 20221027113937.0 |
| 010 ## - LCCN (DPL NO) | |
| LC control number | ENG-135538 |
| 020 ## - INTERNATIONAL STANDARD BOOK NUMBER | |
| Terms of availability | 250.00 |
| 035 ## - SYSTEM CONTROL NUMBER | |
| System control number | EN-119070 |
| 037 ## - SOURCE OF ACQUISITION | |
| Source of stock number/acquisition | DBAD/PUB |
| 082 ## - DEWEY DECIMAL CLASSIFICATION NUMBER | |
| Classification number | 363.8095452 |
| 100 ## - MAIN ENTRY--PERSONAL NAME | |
| Personal name | Ghosh, Kali Charan |
| 245 ## - TITLE STATEMENT | |
| Title | Famines in bengal: |
| Remainder of title | 1770-1943/ |
| Statement of responsibility, etc | by Kali Charan Ghosh |
| 260 ## - PUBLICATION, DISTRIBUTION, ETC. (IMPRINT) | |
| Place of publication, distribution, etc | Kolkata |
| Name of publisher, distributor, etc | The national council of education |
| Date of publication, distribution, etc | 2015 |
| 270 ## - ADDRESS | |
| Address | 188, Raja Subodh mullick road |
| City | Kolkata |
| Postal code | 700032 |
| Telephone number | 033-24146282 |
| Electronic mail address | ncebengal@gmail.com |
| 300 ## - PHYSICAL DESCRIPTION | |
| Extent | 320p. |
| Dimensions | 22cm(hbk) |
| 505 ## - FORMATTED CONTENTS NOTE | |
| Formatted contents note | Famines in bengal |
| 942 ## - ADDED ENTRY ELEMENTS (KOHA) | |
| Source of classification or shelving scheme | Dewey Decimal Classification |
| Item type | English Books |
| Call number suffix | GHO |
| Classification part | 363.8095452 |
| Withdrawn status | Lost status | Not for loan | Collection code | Home library | Current library | Date acquired | Source of acquisition | Cost, normal purchase price | Full call number | Barcode | Copy number | Cost, replacement price | Koha item type |
|---|---|---|---|---|---|---|---|---|---|---|---|---|---|
| Non-fiction | Andrews Gunj | Andrews Gunj | 27/10/2022 | DBAD/PUB | 250.00 | 363.8095452 GHO | EN-119070 | 1 | 250.00 | English Books |
